Statistics for 8 Groups of 8- Geography #2

Click here to take the quiz!

General Stats

  • This quiz has been taken 648 times
  • The average score is 45 of 64

Answer Stats

Answer% Correct
Capital Cities of Countries bordering Metropolitan FranceBerlin
95%
EU Countries bordering the Mediterranean SeaItaly
95%
Capital Cities of Countries bordering Metropolitan FranceMadrid
95%
Capital Cities of Countries bordering Metropolitan FranceBrussels
94%
Countries bordering the Persian GulfIran
94%
Countries bordering the Persian GulfOman (Musandam)
94%
Countries bordering the Persian GulfSaudi Arabia
94%
EU Countries bordering the Mediterranean SeaGreece
93%
Countries bordering the Persian GulfIraq
93%
EU Countries bordering the Mediterranean SeaSpain
93%
Capital Cities of Countries bordering Metropolitan FranceAndorra la Vella
92%
Capital Cities of Countries bordering Metropolitan FranceBern
92%
Countries bordering the Persian GulfKuwait
92%
Capital Cities of Countries bordering Metropolitan FranceMonaco
92%
EU Countries bordering the Mediterranean SeaFrance
91%
Countries bordering the Persian GulfQatar
91%
Capital Cities of Countries bordering Metropolitan FranceRome
91%
Countries bordering the Persian GulfUnited Arab Emirates
90%
Capital Cities of Countries bordering Metropolitan FranceLuxembourg
89%
Capital Cities of South Asian CountriesNew Delhi
87%
Countries bordering the Persian GulfBahrain
86%
EU Countries bordering the Mediterranean SeaCroatia
86%
Landlocked East African CountriesRwanda
86%
Landlocked East African CountriesUganda
85%
Landlocked East African CountriesBurundi
83%
EU Countries bordering the Mediterranean SeaMalta
83%
Sovereign Island Countries of the Lesser AntillesSaint Kitts & Nevis
82%
Sovereign Island Countries of the Lesser AntillesSaint Lucia
82%
Landlocked East African CountriesEthiopia
81%
Countries with Capital Cities with an elevation > 2,000 m / 6,600 ftEthiopia
81%
Sovereign Island Countries of the Lesser AntillesSaint Vincent & the Grenadines
81%
Landlocked East African CountriesSouth Sudan
81%
Sovereign Island Countries of the Lesser AntillesBarbados
80%
Sovereign Island Countries of the Lesser AntillesAntigua & Barbuda
79%
Sovereign Island Countries of the Lesser AntillesTrinidad & Tobago
79%
Landlocked East African CountriesZambia
79%
Sovereign Island Countries of the Lesser AntillesGrenada
78%
Capital Cities of South Asian CountriesIslamabad
78%
Landlocked East African CountriesMalawi
78%
EU Countries bordering the Mediterranean SeaSlovenia
78%
Landlocked East African CountriesZimbabwe
78%
EU Countries bordering the Mediterranean SeaCyprus
74%
Sovereign Island Countries of the Lesser AntillesDominica
72%
Capital Cities of South Asian CountriesKathmandu
72%
Capital Cities of South Asian CountriesDhaka
71%
Capital Cities of South Asian CountriesKabul
67%
Capital Cities of South Asian CountriesKotte
65%
Countries with Capital Cities with an elevation > 2,000 m / 6,600 ftBolivia
63%
Countries with Capital Cities with an elevation > 2,000 m / 6,600 ftBhutan
59%
Capital Cities of South Asian CountriesMalé
59%
Capital Cities of South Asian CountriesThimphu
58%
Countries with Capital Cities with an elevation > 2,000 m / 6,600 ftYemen
56%
Countries with Capital Cities with an elevation > 2,000 m / 6,600 ftEcuador
47%
Countries with Capital Cities with an elevation > 2,000 m / 6,600 ftColombia
44%
Countries with Capital Cities with an elevation > 2,000 m / 6,600 ftMexico
33%
Countries with Capital Cities with an elevation > 2,000 m / 6,600 ftEritrea
32%
US Minor Outlying Islands in the Pacific OceanMidway Atoll
16%
US Minor Outlying Islands in the Pacific OceanWake Island
8%
US Minor Outlying Islands in the Pacific OceanJohnston Atoll
5%
US Minor Outlying Islands in the Pacific OceanBaker Island
4%
US Minor Outlying Islands in the Pacific OceanHowland Island
4%
US Minor Outlying Islands in the Pacific OceanJarvis Island
4%
US Minor Outlying Islands in the Pacific OceanKingman Reef
4%
US Minor Outlying Islands in the Pacific OceanPalmyra Atoll
4%

Score Distribution

Percentile by Number Answered

Percent of People with Each Score

Your Score History

You have not taken this quiz